El escultor Emiliano Barral / (Record no. 15051)

MARC details
000 -LEADER
campo de control de longitud fija 00630nam a2200205 i 4500
001 - NÚMERO DE CONTROL
campo de control 15051
003 - IDENTIFICADOR DE NÚMERO DE CONTROL
campo de control ES-MaACL
005 - FECHA Y HORA DE LA ÚLTIMA TRANSACCIÓN
campo de control 20251002203252.0
007 - CAMPO FIJO DE DESCRIPCIÓN FÍSICA--INFORMACIÓN GENERAL
campo de control de longitud fija t|
008 - DATOS DE LONGITUD FIJA--INFORMACIÓN GENERAL
campo de control de longitud fija 991213s1965 sp ||||1| spa d
080 ## - NÚMERO DE LA CLASIFICACIÓN DECIMAL UNIVERSAL
Número de la Clasificación Decimal Universal 73 Barral, Emiliano
080 ## - NÚMERO DE LA CLASIFICACIÓN DECIMAL UNIVERSAL
Número de la Clasificación Decimal Universal 92 Barral, Emiliano
100 1# - ENTRADA PRINCIPAL--NOMBRE DE PERSONA
Nombre de persona Díaz Pardo, Isaac.
9 (RLIN) 44381
245 13 - MENCIÓN DEL TÍTULO
Título El escultor Emiliano Barral /
Mención de responsabilidad, etc. Isaac Díaz Pardo.
260 ## - PUBLICACIÓN, DISTRIBUCIÓN, ETC.
Lugar de publicación, distribución, etc. Osedo, La Coruña :
Nombre del editor, distribuidor, etc. Ediciones del Castro,
Fecha de publicación, distribución, etc. [1965]
300 ## - DESCRIPCIÓN FÍSICA
Extensión 29 p., [22] p. de lám. :
Otras características físicas il. ;
Dimensiones 16 cm.
600 04 - PUNTO DE ACCESO ADICIONAL DE MATERIA--NOMBRE DE PERSONA
Nombre de persona Barral, Emiliano,
Fechas asociadas al nombre 1896-1936
9 (RLIN) 25834
852 ## - LOCALIZACIÓN
Ubicación ES-MaACL
Número de control de estantería L-22267
Sublocalización o colección R.125553
Holdings
Estatus retirado Estado de pérdida Estado de daño No para préstamo Biblioteca de origen Biblioteca actual Ubicación en estantería Fecha de adquisición Fuente de adquisición Total de préstamos Signatura topográfica completa Código de barras Visto por última vez Precio de reemplazo Tipo de ítem Koha
        Biblioteca del Ateneo de Madrid Biblioteca del Ateneo de Madrid Depósito 2 17/01/2008     L-22267 1015306 23/02/2023 23/02/2023 Libro impreso